STN EN ISO 3767-1: 2001 (47 0050), Poľnohospodárske a lesnícke stroje a traktory, motorové žacie a záhradnícke stroje. Symboly ovládačov a oznamovačov Časť 1 Všeobecné symboly (ISO 3767-1: 1998)
Norma je identická s EN ISO 3767-1: 2000
| Main Author: | |
|---|---|
| Corporate Author: | |
| Other Authors: | |
| Format: | Book |
| Language: | Slovak English |
| Published: |
Bratislava
Slovenský ústav technickej normalizácie
2001
|
| Subjects: |
MARC
| LEADER | 00000cam a2200000 a 4500 | ||
|---|---|---|---|
| 001 | vtls009879243 | ||
| 003 | SK-MaSNL | ||
| 005 | 20260301171854.0 | ||
| 008 | 160624s2001 xo a u 000 0 slo | ||
| 015 | |a SNBN2015 | ||
| 020 | |a (cen. skup. 13) | ||
| 035 | |a (SVKBBclas03)vtls000225496 | ||
| 040 | |a SNK |b slo |c SNK |e AACR2 | ||
| 041 | 1 | |a slo |h eng | |
| 044 | |a xo |c SK | ||
| 046 | |a s |m 200108 (účin.) | ||
| 072 | 7 | |a 631.3 |x Poľnohospodárske stroje, zariadenia a náradie |2 konspekt | |
| 072 | 7 | |a 630 |x Lesníctvo |2 konspekt | |
| 072 | 7 | |a 635 |x Záhradkárstvo |2 konspekt | |
| 080 | |a 631.3 |2 2001 | ||
| 080 | |a 630*36 |2 2001 | ||
| 080 | |a 635.015 |2 2001 | ||
| 080 | |a 006.7/.8 |2 2001 | ||
| 080 | |a (437.6) |2 2001 | ||
| 080 | |a (4) |2 2001 | ||
| 080 | |a 631.352 |2 2001 | ||
| 080 | |a (083) |2 2001 | ||
| 084 | |a 01.080.20 |2 ICS | ||
| 084 | |a 65.060 |2 ICS | ||
| 130 | 0 | |a STN 47 0050 (STN EN ISO 3767-1) |9 540396 | |
| 245 | 1 | 0 | |a STN EN ISO 3767-1: 2001 (47 0050), Poľnohospodárske a lesnícke stroje a traktory, motorové žacie a záhradnícke stroje. Symboly ovládačov a oznamovačov |n Časť 1 |p Všeobecné symboly (ISO 3767-1: 1998) |
| 246 | 1 | 0 | |a Poľnohospodárske a lesnícke stroje a traktory, motorové žacie a záhradnícke stroje |
| 246 | 1 | 0 | |a Symboly ovládačov a oznamovačov |
| 246 | 3 | 0 | |a EN ISO 3767-1: 2000 |
| 246 | 3 | 0 | |a ISO 3767-1: 1998 |
| 260 | |a Bratislava |b Slovenský ústav technickej normalizácie |c 2001 | ||
| 300 | |a 32 s. |b obr., tab. |c 30 cm | ||
| 500 | |a Od 1.8.2001 nahrádza STN 47 0050 z 28.2.1985 v celom rozsahu | ||
| 500 | |a Spracovateľ: VÝVOJ Martin, Igor Sitár ; SÚTN Bratislava, Jozef Drang | ||
| 500 | |a Súbežný názov v angličtine, francúzštine a nemčine | ||
| 504 | |a Citované normy, súvisiace právne predpisy s. 2 ; literatúra s. 31 | ||
| 520 | 8 | |a Norma je identická s EN ISO 3767-1: 2000 | |
| 540 | |a STN vydané na akomkoľvek nosiči sa môžu rozmnožovať a rozširovať iba so súhlasom určenej právnickej osoby |b SÚTN Bratislava |c zákov 264/199 Z. z. | ||
| 650 | 0 | 7 | |a poľnohospodárske stroje |2 SNKPH |9 3574 |
| 650 | 0 | 7 | |a lesnícke stroje |2 SNKPH |9 29189 |
| 650 | 0 | 7 | |a záhradná technika |2 SNKPH |9 74399 |
| 650 | 0 | 7 | |a žacie stroje |2 SNKPH |9 78687 |
| 650 | 0 | 7 | |a technické normy a štandardy |z Slovensko |2 SNKPH |9 79594 |
| 650 | 0 | 7 | |a technické normy a štandardy |z krajiny Európskej únie |2 SNKPH |9 289341 |
| 650 | 0 | 7 | |a Agricultural machines |2 SNKPHeng |9 291763 |
| 650 | 0 | 7 | |a Forest machines |2 SNKPHeng |9 312401 |
| 650 | 0 | 7 | |a horticultural machinery |2 SNKPHeng |9 275491 |
| 650 | 0 | 7 | |a Mowing machines |2 SNKPHeng |9 540397 |
| 655 | 7 | |a normy |2 SNKPH |9 70643 | |
| 700 | 1 | |a Sitár, Igor |4 trl |9 46821 | |
| 700 | 1 | |a Drang, Jozef |4 aut |9 312434 | |
| 710 | 2 | |a VÝVOJ (Martin, Slovensko) |4 trl |9 540398 | |
| 710 | 2 | |a Slovenský ústav technickej normalizácie (Bratislava, Slovensko). |b Technická normalizačná komisia č. 25 Poľnohospodárske a lesnícke stroje |4 stn |9 312406 | |
| 774 | 1 | 8 | |t STN EN ISO 3767-1/Z1: 2004 |d Bratislava : Slovenský ústav technickej normalizácie, 2004 |w vtls009834374 |
| 958 | |a OP | ||
| 958 | |a NB | ||
| 999 | |c 831746 |d 833676 | ||
| 952 | |a SNK |b SNK |y PREZ |7 0 |p 17A1167726 |o snkSTN EN ISO 3767-1 |i snk2015/21322 |8 0 |0 0 |1 0 |4 0 |d 2015-07-10 |l 0 |r 2026-02-24 03:41:20 |w 2026-02-24 | ||
| 952 | |a SNK |b SNK |y PREZ |7 0 |p 17A1167727 |o snkSTN EN ISO 3767-1 D1 |i snk2015/21323 |8 0 |0 0 |1 0 |4 0 |d 2015-07-10 |l 0 |r 2026-02-24 03:41:20 |w 2026-02-24 | ||


